000 00728nam a22001815i 4500
001 162510
003 ES-MaACL
005 20230906212537.0
008 041117s1863 fr |||| | fre d
040 _aCAM
_bspa
_cCAM
100 1 _aPoyet, C. F.
_9131334
245 1 0 _aNotices géographiques, ethnographiques, statistiques, climatologiques et économiques des différentes localites du Mexique /
_cpar C. F. Poyet.
260 _aParis :
_bArthus Bertrand,
_c1863 (
_fE. Thunot et Cie)
300 _a40 p. ;
_c22 cm.
505 8 _aContiene: Première monographie: Jalapa
651 4 _aMéxico-
_xDescripción.
_99061
852 _aES-MaACL
_jT-189-F-7
_z-- Enc. hol.
_q-- Falto de la cub. original
_z-- Enc. en un vol. facticio
999 _c162510
_d162510